000 01137nam a2200289 4500
005 20191224042301.0
008 160608s2013 ck ao|||r|||| 00| 0 spa d
020 _a9789589829974
040 _aCO-BoIAVH
_cCO-BoIAVH
041 0 _aspa
044 _ack
082 0 4 _a304.25
_bE82m
245 0 0 _aEstrategias de adaptación y mitigación frente a los efectos del cambio climático en regiones de costa y montaña en Colombia
250 _aPrimera edición
260 _a[Bogotá?] :
_bFederación colombiana de municipios - FCM :
_bFundación Konrad Adenauer - KAS,
_c2013.
300 _a93 páginas :
_bilustraciones (algunas a color) y fotografías a color ;
_c22 x 24 cm.+
_e1 DVD-ROM
504 _aIncluye referencias bibliográficas.
650 1 6 _aCambio climático
650 2 6 _aAdaptación al cambio climático
650 2 6 _aMitigación del cambio climático
650 2 4 _aEcosistemas de montaña
650 2 4 _aEcosistemas costeros
650 2 4 _aEcosistemas urbanos
651 0 _aColombia
700 1 _aMoreno Suarez, Katty
_etextos
942 _2ddc
_cLIBRO
999 _c18774
_d18774